=LDR 00000nam 2200000 4500 =001 INLIS000000000044312 =005 20200916015859 =035 ##$$a 0010-101300000002234 =008 200916################g##########0#ind## =041 ##$$a Ind =082 ##$$a 2x5.1 =090 ##$$a 2x5.1, Abu s =245 1#$$a Syukur membawa nikmat /$c Al-imam Abu Bakar Bin Abuddunnia; penerjemah, S.A. Zemool =850 ##$$a NBPNMAT =084 ##$$a 2x5.1 ABU s =100 #$$a Abuddunnia, Al-imam Abu Bakar Bin =250 ##$$a cet. 2 =260 ##$$a Solo :$b Pustaka Mantiq,$c 1992 =300 ##$$a 98 hlm. ; $c 18 x13 cm. =650 #4$$a Etika Islam =700 #$$a Zemool, S. A. =990 ##$$a 52.718/pro-93